000 01284cam a2200325 i 4500
001 14436605
003 EG-ScBUE
005 20241027114000.0
008 060703t2008 nyua f b 001 0 eng d
020 _a9780073523408 (acidfree paper)
020 _a0073523402 (acidfree paper)
040 _aDLC
_beng
_erda
_cDLC
_dDLC
_dEG-ScBUE
082 0 4 _a518.1
_222
_bDAS
100 1 _aDasgupta, Sanjoy,
_eauthor.
_936630
245 1 0 _aAlgorithms /
_cSanjoy Dasgupta, University of California, San Diego, Christos Papadimitriou, University of California at Berkeley, Umesh Vazirani, University of California at Berkeley.
264 1 _aNew York, United States :
_bMcGraw-Hill Higher Education,
_c[2008]
264 4 _cc2008
300 _ax, 320 pages :
_billustrations ;
_c24 cm
336 _2rdacontent
_atext
_btxt
337 _aunmediated
_2rdamedia
_bn
338 _avolume
_bnc
_2rdacarrier
504 _aIncludes bibliographical references and index.
650 7 _aAlgorithms
_vTextbooks.
_2BUEsh
_936631
650 7 _aComputer algorithms
_vTextbooks.
_2BUEsh
_936632
653 _bCOMSCI
_cJanuary2015
_cNovember2014
655 _vReading book
_934232
700 1 _aPapadimitriou, Christos H.,
_eauthor.
_936633
700 1 _aVazirani, Umesh Virkumar,
_eauthor.
_936634
942 _2ddc
_cBB
999 _c18657
_d18629